[Event "Heraklion op 6th"]
[Site "Heraklion"]
[Date "2010.08.26"]
[Round "6"]
[White "Spyrou, Georgios"]
[Black "Fragiadakis, Emanouel"]
[Result "1-0"]
[WhiteElo "1577"]
[BlackElo "1995"]
[PlyCount "71"]
[EventDate "2010.08.22"]
[EventType "swiss"]
[EventRounds "9"]
[EventCountry "GRE"]
[SourceTitle "CBM 138 Extra"]
[Source "ChessBase"]
[SourceDate "2010.10.29"]
[SourceVersion "1"]
[SourceVersionDate "2010.10.29"]
[SourceQuality "1"]

1. e4 c5 2. Nf3 e6 3. d4 cxd4 4. Nxd4 Nc6 5. Nb3 Nf6 6. Bd3 Be7 7. Nc3 d6 8. Be3 Qc7 9. Nb5 Qb8 10. 0-0 a6 11. N5d4 Qc7 12. h3 Ne5 13. f4 Nc4 14. Bc1 b5 15. a4 Bb7 16. axb5 axb5 17. Rxa8+ Bxa8 18. Qe2 Qb6 19. e5 Nd7 20. exd6 Bf6 21. Be3 0-0 22. Bxc4 bxc4 23. Qxc4 Bd5 24. Qd3 Qxd6 25. Rd1 Rc8 26. c3 Qb8 27. Qc2 Nb6 28. Nd2 Nc4 29. Nxc4 Bxc4 30. b3 Bxb3 31. Qxb3 Qxb3 32. Nxb3 Rxc3 33. Rc1 Kf8 34. Bc5+ Ke8 35. Rxc3 Bxc3 36. Bd4 1-0

[Event "Heraklion op 6th"]
[Site "Heraklion"]
[Date "2010.08.23"]
[Round "3"]
[White "Spyrou, Georgios"]
[Black "Vrbova, Niki"]
[Result "0-1"]
[WhiteElo "1577"]
[BlackElo "2198"]
[PlyCount "92"]
[EventDate "2010.08.22"]
[EventType "swiss"]
[EventRounds "9"]
[EventCountry "GRE"]
[SourceTitle "CBM 138 Extra"]
[Source "ChessBase"]
[SourceDate "2010.10.29"]
[SourceVersion "1"]
[SourceVersionDate "2010.10.29"]
[SourceQuality "1"]

1. e4 d5 2. exd5 Nf6 3. d4 Nxd5 4. c4 Nb6 5. Nc3 g6 6. g3 Bg7 7. Nge2 0-0 8. b3 Bg4 9. Bg2 c6 10. Ba3 Re8 11. 0-0 Na6 12. h3 Bf5 13. g4 Bc8 14. Rc1 Nd7 15. f4 Nf6 16. Ng3 Qa5 17. Bb2 Rd8 18. a3 Qc7 19. Qe2 Qb6 20. b4 Qxd4+ 21. Kh1 Qb6 22. Qxe7 Re8 23. Qd6 Be6 24. c5 Qc7 25. Qd2 Rad8 26. Qf2 Bc4 27. Rfe1 Rxe1+ 28. Rxe1 Qd7 29. Rd1 Qe7 30. Re1 Qd7 31. Rd1 Qc8 32. Rd4 Nxg4 33. Rxd8+ Qxd8 34. hxg4 Bd4 35. Qd2 Qh4+ 36. Bh3 Qxh3+ 37. Qh2 Qxg4 38. Qd2 Qh3+ 39. Qh2 Qe6 40. Qd2 Bd5+ 41. Kh2 Be3 42. f5 gxf5 43. Qe2 f4 44. Nxd5 fxg3+ 45. Kxg3 cxd5 46. Kf3 Qh3# 0-1